000 00733nam a2200229Ia 4500
005 20260430150816.0
008 008 250103s9999 xx 000 0 hin d
037 _aTheses
040 _aCRL
040 _bhin
040 _chin
041 _2hin
041 _ahin
084 _qCRL
100 _aमीना, हुलसी राम, ले.
_9870389
245 0 _aप्रभा खेतान के उपन्यासों का सामाजिक मूल्यांकन
260 _c2024
300 _a233पृ.
700 _aदिल्ली विश्वविद्यालय. कला संकाय. हिन्दी विभाग
942 _cTH
999 _c1850870
_d1850870